[Event "IND-ch U13 Girls"]
[Site "Gujarath"]
[Date "2016.07.22"]
[Round "1"]
[White "Shanya, Mishra"]
[Black "Yashasvi, Gupta"]
[Result "1-0"]
[WhiteElo "1804"]
[BlackElo "1255"]
[PlyCount "71"]
[EventDate "2016.07.22"]
[EventType "swiss"]
[EventRounds "11"]
[EventCountry "IND"]
[SourceTitle "EXT 2017"]
[Source "ChessBase"]
[SourceDate "2016.10.25"]
[SourceVersion "1"]
[SourceVersionDate "2016.10.25"]
[SourceQuality "1"]

1. d4 d5 2. c4 e6 3. Nc3 Nf6 4. cxd5 exd5 5. Bg5 Be7 6. e3 h6 7. Bh4 b6 8. Bd3 Bb7 9. Qc2 Nbd7 10. Nge2 c5 11. Bg3 0-0 12. 0-0 Rc8 13. Qd2 c4 14. Bc2 a6 15. f3 b5 16. a3 Nh5 17. e4 Nxg3 18. Nxg3 Nf6 19. e5 Nd7 20. f4 Qb6 21. Nf5 Rfe8 22. Qf2 Bf8 23. Rad1 a5 24. Ne3 b4 25. axb4 axb4 26. Ncxd5 Qb5 27. Be4 Red8 28. Qf3 Nb8 29. Nf6+ gxf6 30. Bxb7 Rc7 31. Qg4+ Kh8 32. Be4 fxe5 33. Qf5 f6 34. Qxf6+ Bg7 35. Qxd8+ Bf8 36. Qxf8# 1-0